[Event "NK Jeugd Am"]
[Site "Assen"]
[Date "2017.04.29"]
[Round "7.4"]
[White "Koning, Femke"]
[Black "Waardenburg, Lisanne"]
[Result "1/2-1/2"]
[WhiteElo "1448"]
[BlackElo "1787"]
[PlyCount "76"]
[EventDate "2017.??.??"]

1. e4 c6 2. d4 d5 3. e5 Bf5 4. Bd3 Bxd3 5. Qxd3 e6 6. Nf3 Ne7 7. Bg5 h6 8. Bh4
Qc7 9. O-O g5 10. Bg3 Nf5 11. h3 Be7 12. Bh2 Nd7 13. Nbd2 h5 14. Nb3 O-O-O 15.
Rac1 Rdg8 16. Nfd2 g4 17. hxg4 hxg4 18. c4 dxc4 19. Nxc4 g3 20. Bxg3 Nxg3 21.
fxg3 f6 22. Rce1 f5 23. Kf2 Bb4 24. Rd1 Rh6 25. Ke2 Rhg6 26. Rf3 Kb8 27. a3 Be7
28. Nc1 Nf8 29. Rh1 a6 30. b4 Rg4 31. Nb3 Qd7 32. Kf2 Bd8 33. Nd6 Bb6 34. Nc5
Bxc5 35. bxc5 R4g7 36. Qb3 Ng6 37. Rb1 b5 38. cxb6 Ne7 1/2-1/2